000 00663nam a2200229Ia 4500
003 OSt
005 20220925204900.0
006 a|||||r|||| 00| 0
007 ta
008 220923b |||||||| |||| 00| 0 eng d
037 _cGeneral Book
040 _aRTL
_cRTL
_beng
041 _2eng
_aeng
082 _aX:89K, L7
100 _aKuklinski Antoni Ed.
_9137813
245 0 _aSocial issues in regional policy and regional plan
260 _aHague
_bMouton
_c1977
300 _aix, 532P. Bibliograpy chapterwise
_ccm.
650 _aRegional Economics
942 _hX:89K, L7
_cGB
_2CC
999 _c550674
_d550674